| 000 | 00484nam a2200169Ia 4500 | ||
|---|---|---|---|
| 999 |
_c29172 _d29172 |
||
| 003 | OSt | ||
| 005 | 20210105093012.0 | ||
| 008 | 190216s9999||||xx |||||||||||||| ||und|| | ||
| 040 | _coclc | ||
| 082 |
_a894.8121 _bPAL/C |
||
| 100 |
_aPallippuram, Sippy _98116 |
||
| 245 | 0 |
_aChanjadunni Chanjadu / _cSippy Pallippuram |
|
| 260 |
_bCurrent Books, _aKottayam: _c2006. |
||
| 300 | _a40p | ||
| 650 | _aKathakal | ||
| 942 |
_cBK _2ddc _h894.8121 _iPAL/C _k894.8121 _mPAL/C |
||